000
00287nam a2200121Ia 4500
008
140130s9999 xx 000 0 und d
245
_c
Gikow, Louise
_a
Incredible Insects
260
_b
Scholastic,
_c
2004
440
_v
1
521
_a
Grade 7 - Grade 12
942
_c
BK
999
_c
41339
_d
41339